NBA Champions - Statistics

General Stats
  • This quiz has been taken 72 times
    27 since last reset
  • The average score is 51 of 53
Answer Stats
Year Answer % Correct
2008 Boston Celtics
100%
1986 Boston Celtics
100%
1984 Boston Celtics
100%
1981 Boston Celtics
100%
1976 Boston Celtics
100%
1974 Boston Celtics
100%
2022 Golden State Warriors
100%
2018 Golden State Warriors
100%
2017 Golden State Warriors
100%
2015 Golden State Warriors
100%
1975 Golden State Warriors
100%
2020 Los Angeles Lakers
100%
2010 Los Angeles Lakers
100%
2009 Los Angeles Lakers
100%
2002 Los Angeles Lakers
100%
2001 Los Angeles Lakers
100%
2000 Los Angeles Lakers
100%
1988 Los Angeles Lakers
100%
1987 Los Angeles Lakers
100%
1985 Los Angeles Lakers
100%
1982 Los Angeles Lakers
100%
1980 Los Angeles Lakers
100%
1972 Los Angeles Lakers
100%
2013 Miami Heat
100%
2012 Miami Heat
100%
2006 Miami Heat
100%
2014 San Antonio Spurs
100%
2007 San Antonio Spurs
100%
2005 San Antonio Spurs
100%
2003 San Antonio Spurs
100%
1999 San Antonio Spurs
100%
1998 Chicago Bulls
96%
1997 Chicago Bulls
96%
1996 Chicago Bulls
96%
1993 Chicago Bulls
96%
1992 Chicago Bulls
96%
1991 Chicago Bulls
96%
2011 Dallas Mavericks
96%
2021 Milwaukee Bucks
96%
1971 Milwaukee Bucks
96%
2016 Cleveland Cavaliers
92%
2004 Detroit Pistons
92%
1990 Detroit Pistons
92%
1989 Detroit Pistons
92%
1983 Philadelphia 76ers
92%
1995 Houston Rockets
88%
1994 Houston Rockets
88%
1973 New York Knicks
88%
1970 New York Knicks
88%
2019 Toronto Raptors
88%
1977 Portland Trailblazers
77%
1978 Washington Bullets
77%
1979 Seattle SuperSonics
73%
No matching quizzes found
Score Distribution
Percent of People with Each Score
Percentile by Number Answered
Your Score History
You have not taken this quiz since the last reset